Statistics for Tom Hanks Movies!

Click here to take the quiz!

General Stats

  • This quiz has been taken 190 times
    (30 since last reset)
  • The average score is 26 of 98

Answer Stats

YearMovie Title% Correct
2000Cast Away
89%
1994Forrest Gump
89%
1995Toy Story
86%
1999Toy Story 2
86%
2010Toy Story 3
86%
2019Toy Story 4
86%
2013Toy Story of Terror
86%
2014Toy Story That Time Forgot
86%
1988Big
79%
1998Saving Private Ryan
79%
1999The Green Mile
68%
2013Captain Phillips
64%
2002Catch Me if You Can
61%
1993Philadelphia
61%
2016Sully
61%
2004The Terminal
61%
1993Sleepless in Seattle
57%
1989Turner and Hooch
57%
1998You've Got Mail
57%
2004The Polar Express
54%
2002Road to Perdition
46%
2013Saving Mr. Banks
46%
2006The Da Vinci Code
46%
1995Apollo 13
36%
2015Bridge of Spies
36%
1984Splash
36%
1989The 'Burbs
36%
1992A League of Their Own
32%
2012Cloud Atlas
32%
TBDGorbachev
32%
2024Here
32%
1990Joe Versus the Volcano
32%
TBDK Blows Top
32%
TBDMajor Matt Mason
32%
TBDSummer Hours
32%
2017The Post
32%
2019A Beautiful Day in the Neighborhood
29%
2022Elvis
29%
2016Inferno
29%
1996That Thing You Do!
29%
2007Charlie Wilson's War
25%
1986The Money Pit
25%
1987Dragnet
21%
2011Larry Crowne
21%
2020News of the World
21%
2017The Circle
21%
2004The Ladykillers
21%
2023Asteroid City
18%
1984Bachelor Party
18%
2021Finch
18%
2008Mamma Mia!
18%
2018Mamma Mia! Here We Go Again
18%
2022Pinocchio
18%
2007The Simpsons Movie
18%
2020Borat Subsequent Moviefilm
14%
2006Cars
14%
2011Extremely Loud and Incredibly Close
14%
2020Greyhound
14%
2002My Big Fat Greek Wedding
14%
2016My Big Fat Greek Wedding 2
14%
1990The Bonfire of the Vanities
14%
1985The Man With One Red Shoe
14%
2007Evan Almighty
7%
2008The Great Buck Howard
7%
1985Volunteers
7%
2016A Hologram for the King
4%
2009Angels and Demons
4%
TBDBeautiful
4%
2008City of Ember
4%
1986Every Time We Say Goodbye
4%
2015Ithaca
4%
1982Mazes and Monsters
4%
2023My Big Fat Greek Wedding 3
4%
1986Nothing in Common
4%
2013Parkland
4%
1988Punchline
4%
1992Radio Flyer
4%
2006Starter for 10
4%
2009Where the Wild Things Are
4%
2022A Man Called Otto
0%
2004Connie and Carla
0%
2004Elvis Has Left the Bulding
0%
2018Generations
0%
1980He Knows You're Alone
0%
2010I'm Still Here
0%
TBDIn the Garden of Beasts
0%
2010Morning
0%
2009My Life in Ruins
0%
TBDNo Better Place to Die
0%
2008Surfer, Dude
0%
TBDThe Americas
0%
2006The Ant Bully
0%
2011The Extraordinary Voyage
0%
2024The Family
0%
TBDThe Ocean at the End of the Lane
0%
2008The Wackness
0%
2015The Walk
0%
TBDToy Story 5
0%

Score Distribution

Percentile by Number Answered

Percent of People with Each Score

Your Score History

You have not taken this quiz since the last reset